| 000 | 00624nam a2200217Ia 4500 | ||
|---|---|---|---|
| 003 | GCL | ||
| 008 | 140319s9999 xx 000 0 ara d | ||
| 040 |
_aGCL / _cGCL |
||
| 082 | 0 | 4 |
_a729 _bم ت |
| 100 | 1 | _aمصطفى احمد | |
| 245 | 1 | 0 |
_aالتصميم الداخلى / _cمصطفى احمد |
| 260 |
_aالقاهرة : _bدار الفكر العربى ، _c1987 |
||
| 300 | _a252 ص | ||
| 650 | 0 | 4 | _aالتصميم الانشائى |
| 650 | 0 | 4 | _aالعمارة |
| 650 | 0 | 4 | _aالتصميم الزخرفى |
| 650 | 0 | 4 | _aالتصميم |
| 650 | 0 | 4 | _aالاثاث |
| 650 | 0 | 4 | _aتصميمات |
| 942 |
_2ddc _cBK |
||
| 999 |
_c33357 _d33357 |
||